| 000 | 00669nam a2200253Ia 4500 | ||
|---|---|---|---|
| 003 | OSt | ||
| 005 | 20220924125945.0 | ||
| 006 | a|||||r|||| 00| 0 | ||
| 007 | ta | ||
| 008 | 220923b |||||||| |||| 00| 0 per d | ||
| 020 | _a9645983045 | ||
| 024 | _a328220 | ||
| 037 | _cTextual | ||
| 040 |
_aARTS _cARTS _bper |
||
| 041 |
_2per _aper |
||
| 082 | _aO164,3N34:g, P5 | ||
| 100 |
_aSadiqi Jamal Mir Au. _9199140 |
||
| 245 | 0 | _aAnasir dastan | |
| 260 |
_aTehran _bKhiyaban Iran _c2005 |
||
| 300 |
_a635p. _ccm. |
||
| 650 | _aPERSIAN FICTION | ||
| 942 |
_hO164,3N34:g, P5 _cTEXL _2CC |
||
| 999 |
_c423776 _d423776 |
||